Загрузка...
Hydrology and the management of watersheds
| Главный автор: | |
|---|---|
| Формат: | Printed Book |
| Опубликовано: |
Oxford
Wiley Blackwell
2013
|
| Редактирование: | 4 |
| Предметы: |
| LEADER | 00466nam a22001457a 4500 | ||
|---|---|---|---|
| 020 | |a 9780470963050 | ||
| 082 | |a 627 |b BRO.H | ||
| 100 | |a Kenneth N Brooks | ||
| 245 | |a Hydrology and the management of watersheds | ||
| 250 | |a 4 | ||
| 260 | |a Oxford |b Wiley Blackwell |c 2013 | ||
| 650 | |a Watersheds |a Hydrology | ||
| 942 | |c BK | ||
| 999 | |c 1704 |d 1704 | ||
| 952 | |0 0 |1 0 |4 0 |6 627_000000000000000_BRO_H |7 0 |8 NFIC |9 1709 |a CAMPUS |b CAMPUS |d 2015-01-29 |l 0 |o 627 BRO.H |p 16338 |r 2015-01-29 |w 2015-01-29 |y BK | ||